| 000 | 00980ny a22002413n 4500 | ||
|---|---|---|---|
| 005 | 20240305165318.0 | ||
| 008 | 100323s mx 000 0 spa d | ||
| 020 | _a9786074400458 | ||
| 035 | _a4690 | ||
| 040 |
_aBUS _dvLex |
||
| 090 |
_c534 _d534 |
||
| 100 | 1 | _aPérez Chávez, José | |
| 245 | 1 | 0 |
_aContabilidad Fiscal _h[Recurso electrónico] _cJosé Pérez Chavez ; Eladio Campero Guerrero |
| 256 | _aServicio en línea | ||
| 260 |
_aMéxico : _bTax Editores , _c2009 |
||
| 300 | _av. | ||
| 506 | 1 |
_aContenido solo disponible en los productos indicados _dvLex Global _dvLex Global (Academic Edition, excluding Law Schools) _dvLex Global (U.S. Academic Edition, Law Schools) _dvLex Global (U.S. Academic Edition, excluding Law Schools) _dvLex Global (Academic Edition, Law Schools) |
|
| 650 | 0 | 4 | _aContabilidad fiscal |
| 700 | _aCampero Guerrero, Eladio | ||
| 740 | 0 | _avLex Libros (Servicios en línea) | |
| 856 | 4 | 0 | _uhttps://app.vlex.com/#/sources/4690 |
| 942 | _cRAA | ||
| 999 |
_c159058 _d159058 |
||